JR西日本 鉄道車両クイズ - Statistics

General Stats
  • This quiz has been taken 93 times
  • The average score is 19 of 52
Answer Stats
Picture Answer % Correct
321系
78%
201系
77%
225系0番台
72%
0系
69%
323系
65%
221系
64%
521系
59%
500系
56%
223系2000番台
55%
381系
55%
300系
54%
227系0番台
53%
207系1000番台
51%
281系
51%
485系
51%
100系
50%
700系0番台
50%
125系
47%
681系0番台
47%
283系
46%
117系
44%
W7系
42%
N700系0番台
41%
キハ189系
38%
273系
38%
271系
37%
123系
35%
205系1000番台
35%
583系
31%
103系3500番台
29%
キハ181系
29%
183系
29%
683系0番台
29%
キハ127系
26%
419系
24%
415系
22%
DEC741形
22%
213系0番台
21%
923形0番台
18%
キハ120形300番台
17%
EF65形0番台
15%
N700S系0番台
15%
413系0番台
13%
87系
13%
DEC700形
13%
115系2000番台
12%
キハ187系10番台
10%
113系2700番台
8%
145系
8%
キヤ191系
5%
443系
5%
クモロ211形
3%
No matching quizzes found
Score Distribution
Percent of People with Each Score
Percentile by Number Answered
Your Score History
You have not taken this quiz